A First look at communication theory / (Record no. 8287)
[ view plain ]
| 000 -LEADER | |
|---|---|
| fixed length control field | 00662cam a22002172 4500 |
| 001 - CONTROL NUMBER | |
| control field | 0000012711 |
| 005 - DATE AND TIME OF LATEST TRANSACTION | |
| control field | 20151217152113.0 |
| 008 - FIXED-LENGTH DATA ELEMENTS--GENERAL INFORMATION | |
| fixed length control field | 090315s xx 000 0 eng d |
| 020 ## - INTERNATIONAL STANDARD BOOK NUMBER | |
| International Standard Book Number | 0071287944 : |
| 040 ## - CATALOGING SOURCE | |
| Original cataloging agency | KABU |
| Transcribing agency | KABU |
| 050 #0 - LIBRARY OF CONGRESS CALL NUMBER | |
| Classification number | P90 |
| Item number | .G75 2009 |
| 100 1# - MAIN ENTRY--PERSONAL NAME | |
| Personal name | Griffin, Emory A. |
| -- | 0000159891 |
| 245 12 - TITLE STATEMENT | |
| Title | A First look at communication theory / |
| Statement of responsibility, etc. | Em Griffin; special consultant, Glen McClish. |
| 250 ## - EDITION STATEMENT | |
| Edition statement | 7th ed. |
| 260 ## - PUBLICATION, DISTRIBUTION, ETC. (IMPRINT) | |
| Place of publication, distribution, etc. | Boston : |
| Name of publisher, distributor, etc. | McGraw-Hill, |
| Date of publication, distribution, etc. | 2009. |
| 300 ## - PHYSICAL DESCRIPTION | |
| Extent | xv, 486 p. : |
| Other physical details | ill. |
| 650 #0 - SUBJECT ADDED ENTRY--TOPICAL TERM | |
| Topical term or geographic name as entry element | Communication |
| General subdivision | Philosophy. |
| -- | 0000159892 |
| 852 1# - LOCATION | |
| -- | p2050 KES |
| 908 ## - PUT COMMAND PARAMETER (RLIN) | |
| Put command parameter | 090315 |
| 950 ## - LOCAL HOLDINGS (RLIN) | |
| -- | 1 |
| Withdrawn status | Lost status | Source of classification or shelving scheme | Not for loan | Home library | Current library | Date acquired | Total Checkouts | Full call number | Barcode | Date last seen | Date last checked out | Price effective from | Koha item type |
|---|---|---|---|---|---|---|---|---|---|---|---|---|---|
| Library of Congress Classification | Kabarak, Main Campus | Kabarak, Main Campus | 17/12/2015 | 2 | P90 .G75 2009 c. 1 | 17136 | 06/12/2023 | 24/11/2023 | 17/12/2015 | General Collection |